00692nam a2200169 a 450000500170000000800410001702000180005805000200007610000250009624500760012126000490019730000220024650000910026865000330035999900190039295201110041120140412111240.0010419s19uu xx 00 eng d a971-19-0103-X aFil EbSa4 1991 aPaterno, Maria Elena aSampaguita /cMaria Elena Paterno; illustrated by Beaulah P. Taguiwalo. aPhilippines :bAnvil Publishing, Inc,c1991. a1v. (unp.) ; ill. aWinner! PBBY Writer's Prize 1986 ; Winner! Goethe Institut Illustrator's Workshop 1991 aChildren's stories, Filipino c102668d102668 001040aELbELcFILd2001-04-19eLib. Fundl0oFil E Sa4 1991pE2428r2014-04-12 00:00:00w2014-04-12yBK